| 000 | 00000nam##2200000za#4500 |
| 001 | 9.678472 |
| 003 | CaOODSP |
| 005 | 20250506145324 |
| 007 | ta |
| 008 | 150407|1993||||xxc||||| f|0| 0 fre|d |
| 020 | |a0-662-97996-6 |
| 040 | |aCaOODSP|bfre |
| 043 | |an-cn--- |
| 086 | 1 |aA53-1888/1993F |
| 110 | 1 |aCanada.|bAgriculture Canada. |
| 245 | 10|aAvoine nue: production et alimentation animale / |cpar V. D. Burrows et al. |
| 260 | |aOttawa - Ontario : |bAgriculture Canada |c1993. |
| 300 | |a22p. : |bfigures, tableaux ; |c23 cm. |
| 500 | |aLes organismes suivant ont participé au financement de cette publication: New Brunswick Department of Agriculture, Agrocentre Belcan (1983) Ltd., Semico Inc., Kemptville College. |
| 563 | |aCouverture souple |
| 590 | |a93-19|b1993-05-14 |
| 691 | 07|aCultures fourragères|2gcpds |
| 691 | 07|aAvoine|2gcpds |
| 720 | 1 |aBurrows, V. D. |
| 775 | 08|tProduction and feeding of naked oat / |w(CaOODSP)9.644648 |
| 776 | 0#|tAvoine nue - production et alimentation animale / |w(CaOODSP)9.641053 |
| 986 | |aPublication 1888/F |